| 000 | 00460nam a2200157Ia 4500 | ||
|---|---|---|---|
| 008 | 160316s1999 xxu||||| |||| 00| 0 eng d | ||
| 082 |
_a344.046000 _bIUC |
||
| 100 | _a | ||
| 245 | _aIUCN commission on environmental law streeting committee meeting | ||
| 250 | _a | ||
| 260 |
_aGermany _bIUCN - THe World Conservation Union _c1999 |
||
| 300 |
_a301 _b _c |
||
| 365 | _b | ||
| 650 | _a1. Environmental law 2. Legal status 3. Nature protection | ||
| 700 |
_a _a |
||
| 999 |
_c35865 _d35865 |
||